| 000 | 01031cam a22002894a 4500 | ||
|---|---|---|---|
| 001 | 12410198 | ||
| 003 | OSt | ||
| 005 | 20180302182531.0 | ||
| 008 | 010516s2002 nyua b 001 0 eng | ||
| 010 | _a 2001026643 | ||
| 020 | _a8126509155 | ||
| 040 |
_aDLC _cDLC _dDLC |
||
| 042 | _apcc | ||
| 082 | 0 | 0 |
_a621.319 _221 _bUYE 2002 |
| 100 | 1 |
_aUyemura, John P. _912228 |
|
| 245 | 1 | 0 | _aIntroduction to VLSI Circuits and Systems |
| 260 |
_aNew York; _bJohn Wiley, _c2002. |
||
| 300 |
_axii, 642 p. : _bill. ; _c26 cm. +CD |
||
| 504 | _aIncludes bibliographical references and index. | ||
| 538 | _aSystem requirements for accompanying computer disc: Windows PC operating system. | ||
| 650 | 0 |
_aElectronic circuits _912229 |
|
| 651 |
_aElectronic systems _912510 |
||
| 856 | 4 | 2 |
_3Publisher description _uhttp://www.loc.gov/catdir/description/wiley036/2001026643.html |
| 856 | 4 |
_3Table of Contents _uhttp://www.loc.gov/catdir/toc/onix07/2001026643.html |
|
| 906 |
_a7 _bcbc _corignew _d1 _eocip _f19 _gy-gencatlg |
||
| 942 |
_2ddc _cO_SHELF |
||
| 999 |
_c5868 _d5868 |
||